|
|
|
|
| LEADER |
00817nam a22002292a 4500 |
| 001 |
000755560 |
| 003 |
CZ BrMZK |
| 005 |
20060220110436.0 |
| 007 |
ta |
| 008 |
041215s1963 xr er|||||||||||cze d |
| 040 |
|
|
|a BOA001
|b cze
|
| 100 |
1 |
|
|a Boháč, Karel
|7 jk01012468
|4 aut
|
| 245 |
1 |
0 |
|a Telekomunikační provoz :
|b učební text pro 3. roč. SEŠ ob. provoz a ekonomika spojů /
|c Karel Boháč,... [et al.]
|
| 250 |
|
|
|a 1. vyd.
|
| 260 |
|
|
|a Praha :
|b Nakladatelství dopravy a spojů,
|c 1963
|
| 300 |
|
|
|a 143 s.
|
| 500 |
|
|
|a Rozmnoženo.
|
| 710 |
2 |
2 |
|a Ústřední správa spojů
|7 kn20050421012
|
| 910 |
|
|
|a BOA001
|b PK-N-0006.587
|
| 964 |
|
|
|a Telekomunikace - provoz - učebnice - školy učňovské
|
| 990 |
|
|
|a BK
|
| 996 |
6 |
|
|b BC-181581
|c PK-N-0006.587
|l MZK
|r Sklad / do 1 hodiny
|n 0
|w 000755560
|u 000010
|a 1
|e BOA001
|j MZK50
|s P
|